Footballeurs français par images - expert - Statistiques

Statistiques générales
  • Ce quiz a été pris 59 fois
  • Le résultat moyen est 24 sur 47
Statistiques - réponses
Par images Hint Réponse % Correct
1992 Layvin Kurzawa
92%
1995 Clément Lenglet
91%
2002 Maghnes Akliouche
91%
2001 Khéphren Thuram
89%
2003 Malo Gusto
87%
1983 Christophe Jallet
83%
1997 Jean-Philippe Mateta
81%
2006 Senny Mayulu
81%
1968 Youri Djorkaeff
81%
1987 Benoit Costil
79%
2005 Leny Yoro
79%
1991 Clément Grenier
77%
1998 Houssem Aouar
77%
2000 Loïc Badé
75%
1996 Tanguy Ndombele
75%
1999 Moussa Diaby
72%
1994 Léo Dubois
68%
1993 Ruben Aguilar
58%
1988 Marvin Martin
57%
1971 Sabri Lamouchi
55%
1989 Mapou Yanga-Mbiwa
45%
1981 Rod Fanni
45%
1990 Sébastien Corchia
45%
1972 Ulrich Ramé
45%
1970 Alain Boghossian
43%
1984 Florent Sinama-Pongolle
43%
1966 Lionnel Charbonnier
43%
1980 Sébastien Squillaci
43%
1982 Marc Planus
42%
1985 Morgan Amalfitano
42%
1978 Steve Savidan
34%
1963 Sylvain Kastendeuch
32%
1986 Younès Kaboul
30%
1967 Alain Roche
28%
1973 Ibrahim Ba
28%
1969 Corentin Martins
26%
1961 José Touré
26%
1974 Steve Marlet
26%
1979 Pascal Chimbonda
25%
1977 Daniel Moreira
23%
1965 Jocelyn Angloma
23%
1964 Laurent Fournier
23%
1976 Nicolas Gillet
23%
2004 Lesley Ugochukwu
21%
1975 Frédéric Née
15%
1962 Bruno Bellone
13%
1960 Bernard Pardo
6%
Aucun quiz correspondant
Distribution des résultats
% des personnes avec chaque résultat
Percentile par nombre de réponses
Votre historique - résultats
Vous n’avez pas pris ce quiz